000 01324nam a2200301 i 4500
001 185466
003 SpMaBN
005 20240228063038.0
008 160607s1985 sp |||| | spa d
020 _a84-85354-37-6
040 _cSpMaBN
080 _a821.112.2-193.2"16"
100 0 _aAngelus Silesius,
_d1624-1677
_9159802
_eaut
245 1 0 _aPeregrino querubínico o
_bEpigramas y máximas espirituales para llevar a la contemplación de Dios /
_cAngelo Silesio ; traducción de Francesc Gutiérrez.
246 3 8 _aEpigramas y máximas espirituales para llevar a la contemplación de Dios
260 _aPalma de Mallorca :
_bJosé J. de Olañeta,
_c1985.
300 _a219 páginas ;
_c21 cm.
490 1 _aEdiciones de la tradición unánime.
_aSophia perennis ;
_v25
534 _pTraducción de: Cherubinischer Wandersmann
700 1 _aGutiérrez, Francesc.
_9152084
_etrl
740 0 2 _aEpigramas y máximas espirituales para llevar a la contemplación de Dios.
830 0 _aEdiciones de la tradición unánime.
_aSophia perennis ;
_v25
_9225218
852 _aES-MaACL
_jL-30355
_cDEPO2
_hDonación: Miguel Ángel Velasco
_9192501
903 _9113736
_aVelasco, Miguel Ángel,
_d1963-2010
_ednr
942 _cMONOGRAFIA
_n0
999 _c185466
_d185466